[Event "Biel Accentus"]
[Site "Biel"]
[Date "2011.07.28"]
[Round "9"]
[White "Morozevich, Alexander"]
[Black "Caruana, Fabiano"]
[Result "0-1"]
[WhiteElo "2694"]
[BlackElo "2711"]
[Annotator "Ftacnik,L"]
[PlyCount "94"]
[EventDate "2011.07.18"]
[EventType "tourn"]
[EventRounds "10"]
[EventCountry "SUI"]
[EventCategory "19"]
[SourceTitle "CBM 144"]
[Source "ChessBase"]
[SourceDate "2011.09.16"]
[SourceVersion "1"]
[SourceVersionDate "2011.09.16"]
[SourceQuality "1"]

1. d4 d5 2. c4 c6 3. Nf3 Nf6 4. Nc3 e6 5. Bg5 h6 6. Bh4 dxc4 7. e4 g5 8. Bg3 b5
{The Moscow Variation has remained a privileged battlefield for grandmasters.
The positions with weaknesses on both exposed flanks for the prize of single
pawn are very difficult to handle for lesser mortals.} 9. Ne5 Bb7 10. h4 g4 11.
Nxg4 Nxg4 12. Qxg4 Qxd4 13. Qf4 {This colourful position has been tested many
times in practice. The quiet move of the white queen is preparing an attack
along the b8-h2 diagonal, but first of all preventing the retreat of the black
lady to the f6-square.} (13. Rd1 Qf6 14. e5 (14. a4 h5 (14... Bb4 15. e5 Qf5
16. Qd4 O-O 17. Qe3 Na6 18. Be2 Nc7 19. Qxh6 Rfd8 20. O-O Bf8 21. Qc1 a6 22.
Bf3 $16 {1-0 Akobian,V (2619)-Rodshtein,M (2650)/Moscow 2009 (27)}) 15. Qg5 (
15. Qe2 Bb4 16. Qd2 Qe7 17. Be2 Nd7 18. O-O a6 19. Qc2 e5 20. b3 Bc5 21. axb5
axb5 22. bxc4 b4 23. Na4 Bd4 24. Rxd4 exd4 25. c5 $13 {0-1 Van Wely,L (2625)
-Perunovic,M (2568)/Budva 2009 (63)}) 15... Qxg5 16. hxg5 a6 17. Be5 Rg8 18.
Rxh5 Nd7 19. Bf4 b4 20. Nb1 c5 21. f3 Bg7 22. Rh7 Bd4 23. Bxc4 Nf8 $11 {
1-0 Aronian,L (2786)-Leko,P (2752)/Moscow 2009 (43)}) (14. Be2 Nd7) 14... Qf5
15. Qd4 Be7 16. b3 (16. a4 O-O (16... c5 17. Qd2 a6 (17... b4 $2 18. Nb5 Qe4+ (
18... O-O 19. Qxh6 (19. Nc7 Nc6 20. Nxa8 Nd4 21. f4 Rxa8 $15) 19... Nc6 20. Nd6
Bxd6 21. exd6 Nd4 22. Qg5+ Kh7 23. f3 $1 $16) 19. Qe3 (19. Qe2 Na6 20. Qxe4
Bxe4 21. Bxc4 Bxg2 22. Rg1 Bf3 23. Rd3 Be4 24. Rd6 Bb7 25. Rxa6 Bxa6 26. Nc7+
Kd7 27. Nxa6 $16) 19... Qxe3+ 20. fxe3 {1-0 Wang Hao (2696)-Harikrishna,P 
(2686)/Sarajevo 2009 (41)}) 18. axb5 axb5 19. Nxb5 Qe4+ 20. Be2 Qxg2 21. Rh2 (
21. Nc7+ Kf8 22. Rf1 Ra4 23. Nxe6+ fxe6 24. Qf4+ Kg7 25. Qg4+ Kf7 26. Qf4+ Kg7
27. Qg4+ Kf7 28. Qf4+ {1/2-1/2 Cheparinov,I (2678)-Aronian,L (2768)/Jermuk 2009
}) 21... Qc6 22. Nd6+ Bxd6 23. exd6 Nd7 24. h5 Qb5 25. Qc3 $14 {1/2-1/2
Grischuk,A (2748)-Leko,P (2751)/Nalchik 2009 (38)}) (16... Kf8 17. Be2 (17. f3
Na6 18. axb5 cxb5 19. Nxb5 Nb4 20. Qf4 Qxf4 21. Bxf4 Bd5 22. Nd6 Nd3+ 23. Bxd3
cxd3 24. Rxd3 Rb8 25. O-O $14 {1-0 Shulman,Y (2632)-Van Wely,L (2622)/Ledyard
2009 (32)}) 17... b4 18. Bg4 c5 19. Qxc4 Qc2 20. Rd2 Qc1+ 21. Rd1 Qc2 22. Rd2 {
1/2-1/2 Onischuk,A (2659)-Nepomniachtchi,I (2628)/Moscow 2009}) 17. axb5 (17.
Qf4 Qc2 18. Qg4+ Kh7 19. Qe2 $11) 17... cxb5 18. Nxb5 Nc6 $132) 16... c5 17.
Qe3 $6 (17. Qd2 $1 $13 {preventing 17...Nc6.}) 17... Nc6 $1 18. bxc4 Nb4 $1 19.
Qf4 Nc2+ 20. Ke2 Qxf4 21. Bxf4 bxc4 $17 {1/2-1/2 Aronian,L (2757)-Kramnik,V 
(2772)/Dresden 2008 (41)}) (13. Be2 Na6 $5 (13... h5 14. Qf4 Na6 15. Rd1 Qg7
16. O-O Be7 17. a4 b4 18. Nb1 Qf6 19. Nd2 $14 Qxf4 20. Bxf4 Nc5 21. Nxc4 Ba6
22. Rfe1 Bxc4 23. Bxc4 Nxa4 $11 {0-1 Greenfeld,A (2559)-Roiz,M (2644)/
Beersheba 2007 (45)}) (13... Nd7 $5 14. Rd1 Qc5 15. Qf4 Rd8 16. O-O Bg7 17. Qg4
Be5 18. Kh1 h5 19. Qg5 Bf6 20. Qc1 Ne5 21. Rxd8+ Kxd8 22. f4 Ng4 23. e5 Be7 24.
Bxg4 hxg4 25. Ne4 Qb6 26. Qd1+ Kc8 27. Qxg4 c5 $13 {0-1 Nebolsina,V (2345)
-Shumiakina,T (2360)/Chelyabinsk/2008/ (68)}) 14. Rd1 (14. O-O Nc5 15. Qh5 Rg8
16. Be5 Qd7 17. Rfd1 Nd3 18. Bxd3 cxd3 19. Qf3 Rd8 20. Rd2 c5 21. a4 b4 22. Nb5
f5 $17 {0-1 Rodshtein,M (2626)-Nyback,T (2587)/Plovdiv 2008 (40)}) 14... Qg7
15. Qh5 (15. Qf3) 15... Qg6 (15... Nc5 16. Be5 Qxg2 17. Bf3 Qg8 $13) 16. Qe5
Qg7 17. Nxb5 Qxe5 18. Bxe5 cxb5 19. Bxh8 Bxe4 20. b3 Bxg2 $19 {0-1 Greenfeld,A
(2559)-Gelfand,B (2736)/Beersheba 2007 (23)}) 13... Bb4 $146 {Caruana has done
his homework in preparation and his bishop move immediately sharpens the
situation. The main move so far has been the knight move to a6.} (13... Nd7 14.
Rd1) (13... Na6 14. Rd1 Qg7 15. Be2 (15. e5) (15. a4 $5 Bb4 16. Be2 O-O 17. O-O
Nc5 18. Qe3 Nb3 (18... Bxc3 $142 19. bxc3 Nxa4 20. Rd7 $44) 19. axb5 Bc5 20.
Qf4 cxb5 21. Nxb5 Nd4 22. Nxd4 Bxd4 23. Bxc4 $16 {1/2-1/2 Sasikiran,K (2700)
-Stefanova,A (2483)/Zafra 2007 (72)}) 15... Be7 (15... Nc5 16. O-O Rc8 17. e5
Be7 18. Qe3 Rd8 19. Rxd8+ Kxd8 20. b4 cxb3 21. axb3 a5 22. Rc1 $36 {1-0 Bellon
Lopez,J (2440)-Almagro Mazariegos,S (2311)/La Roda 2006/CBM 111 ext (32)}) (
15... e5 16. Qxe5+ Qxe5 17. Bxe5 Rg8 18. a4 Bb4 19. O-O Nc5 20. axb5 Bxc3 21.
Bxc3 cxb5 22. f3 $16 {1-0 Pashikian,A (2611)-Motylev,A (2672)/Kallithea 2008 
(45)}) 16. O-O $5 (16. e5 Nb4 17. Ne4 Nd5 18. Qc1 Bb4+ 19. Kf1 O-O-O 20. h5 Kb8
21. Rh4 Ka8 22. b3 c3 23. a3 Be7 24. Rg4 Qf8 25. Nxc3 Bxa3 26. Qa1 $11 {
0-1 Eljanov,P (2641)-Dreev,A (2705)/Sochi 2005 (104)}) 16... Nc5 17. e5 Qg6 18.
Rd4 Rd8 19. Rfd1 Rd5 $6 (19... Rxd4 20. Rxd4 Qc2 (20... Nd3 21. Qd2 h5 22. Bxd3
cxd3 23. Rxd3 $16 {1/2-1/2 Caruana,F (2640)-Nepomniachtchi,I (2616)/Pamplona
2008 (52)}) 21. Bh5 Qf5 $13) 20. Qe3 h5 21. Bf3 a6 22. b4 cxb3 23. axb3 $16 {
1-0 Aronian,L (2757)-Caruana,F (2640)/Dresden 2008 (32)}) 14. Rd1 Bxc3+ 15. Ke2
$1 {A somewhat irrational position is calling for a non-standard solutions.
White can postpone the capture of the bishop as the black queen is under
attack.} (15. bxc3 Qxc3+ 16. Rd2 (16. Ke2 c5 $15) 16... Nd7 17. Qc7 O-O 18. Bf4
(18. Qxb7 Nc5 19. Qxc6 Rfd8 20. Bf4 Qc1+ 21. Ke2 Nd3 22. Kf3 Qxd2 23. Bxd2 Ne5+
$19) 18... Rac8 19. Qxd7 Qc1+ 20. Ke2 c3 21. Qxb7 cxd2 22. Bxd2 Qc2 23. Qxa7
Ra8 24. Qe3 Rfd8 $15) 15... Qe5 (15... Qf6 16. Qc7 Qe7 17. bxc3 Qxc7 18. Bxc7
Nd7 $11) (15... c5 16. Rxd4 Bxd4 17. a4 a6 18. f3 $14) (15... Na6 16. Rxd4 Bxd4
17. h5 Bxb2 18. Bh4 Bg7 19. Rh3 $16) 16. Qxe5 (16. bxc3 Qxf4 17. Bxf4 Nd7 $11)
(16. Qf3 Qf6 17. bxc3 Qxf3+ 18. gxf3 Nd7 $11) 16... Bxe5 17. Bxe5 Rh7 {The
smoke from the initial phase of the game has cleared and chances are roughly
equal. White is missing a pawn, Black is mourning the absence of his bishop
pair.} (17... Rg8 18. Bf4 h5 $11) 18. Ke3 Nd7 19. Bg3 (19. Bd6 O-O-O 20. Be2 f5
) (19. Bc7 Rc8 20. Bd6 Nf6 21. b3 c3 22. Bd3 Rg7 $14) 19... O-O-O (19... a6 20.
Be2 O-O-O 21. Rd6 $14) 20. Be2 (20. b3 cxb3 (20... c3 21. Be2 b4 22. Rd6 Re8
$11) 21. Bxb5 bxa2 22. Rc1 f5 23. Bxc6 Bxc6 24. Rxc6+ Kb7 $11) 20... f5 $5 {
The active counterplay is partly resting on the somewhat over-exposed location
of the white king.} 21. Rd6 fxe4 (21... Re7 22. Bf4 Rg8 23. Bxh6 Rh7 24. Rxe6
Nc5 25. Rf6 Nxe4 26. Rf8+ Rxf8 27. Bxf8 Rf7 $11) (21... c5 $5 22. Rxe6 (22. f3
Rg8 $15) 22... Bxe4 23. Rd1 Nb6 $11) 22. Rxe6 {[%mdl 2048] The choice of each
move turns into a difficult task in very complicated positions. With the help
of analysis it seems, that Morozevich could have played better by centralising
all his pieces.} (22. Rhd1 $5 Re7 (22... Rg8 23. Rxe6 h5 24. Rd4 Ba8 25. Rdxe4
Kd8 26. Rf4 $14) 23. b3 cxb3 24. Bxb5 $14) (22. Bg4 Nc5 23. Rhd1 Rxd6 24. Rxd6
(24. Bxd6 Nd3 25. Bxe6+ Kd8 $11) 24... h5 $11) 22... Nc5 23. Rg6 (23. Re5 Rd5
24. Re8+ Kd7 25. Rb8 h5 (25... Ke6 26. Bg4+ Kf6 27. h5 Rf7 28. Bh4+ Kg7 29. Rd1
$11) 26. b4 cxb3 27. axb3 $11) 23... h5 (23... Rd5 24. h5 $14) 24. Rg5 {
The balance has still not received a decisive knock, but after each move there
is an abundance of lines to be calculated.} (24. Bd6 Nd3 25. g4 Rhd7 26. Bg3
Nb4 (26... Nxb2 27. gxh5 $14) 27. gxh5 Nd5+ 28. Kd2 (28. Kxe4 Re8+ 29. Be5 c5
30. Re1 Nc3+ 31. Kf4 Rf7+ 32. Kg3 Ne4+ 33. Kh2 Rxf2+ 34. Kg1 Rxe2 35. Rxe2 Rxe5
36. h6 $11) 28... e3+ 29. fxe3 Nf4+ 30. Ke1 Nxe2 (30... Nxg6 31. hxg6 $16) 31.
Kxe2 Rd2+ 32. Kf3 c5+ 33. e4 Rf8+ 34. Bf4 Rd3+ 35. Kg4 Bxe4 36. Rf1 $11) 24...
Rd5 25. Rd1 (25. Rxd5 cxd5 26. Be5 Nd3 27. Bxd3 exd3 28. Rg1 Kd7 29. g4 hxg4
30. Rxg4 $11) 25... Nd3 26. b3 $1 {White needs to undermine his opponent's
queenside, otherwise there would be no end to the problems of the b2-pawn.} (
26. Kxe4 $2 Re7+ 27. Kf3 c5 $1 $19) 26... Ba6 (26... c3 27. Rxd5 (27. Bxd3 exd3
28. Rxd3 Re7+ $19) 27... cxd5 28. Bxd3 exd3 29. Kxd3 b4 30. a3 a5 31. axb4 axb4
32. Bd6 $11) (26... c5 27. bxc4 bxc4 28. Rb1 c3 29. Rg8+ Rd8 30. Rxd8+ Kxd8 31.
Bxd3 exd3 32. Kxd3 $11) 27. bxc4 bxc4 28. Rd2 (28. Rxd5 cxd5 29. Kd4 Kd7 30.
Rb1 Kc6 31. Rb8 Bb7 $15) (28. Rg8+ Kd7 (28... Rd8 29. Rxd8+ Kxd8 30. Kd4 Rd7+
31. Kc3 Rd5 $11) 29. Ra8 Ke6 30. Re8+ Re7 31. Rxe7+ Kxe7 32. Kxe4 $11) 28...
Kb7 29. Rg8 $6 {Morozevich must have been oblivious to the lurking danger.
Otherwise he would surely have been able to change track and concentrate on
defence with equality after the best 29.Rc2!} (29. Rc2 $1 Kb6 (29... Ne1 $2 30.
Rb2+ Rb5 31. Rgxb5+ Bxb5 32. Bxc4 $16) 30. a3 Re7 31. Rc3 $11) 29... Kb6 30.
Rc2 $2 {The critical move will decide the fate of White's defence. The main
theme of the battle will now change to a scramble for survival by White.} (30.
Re8 $2 c3 $1 31. Rc2 Ne1 32. Rxc3 Nxg2+ 33. Kxe4 Bxe2 $19) (30. Rb8+ Ka5 31.
Rb1 Rb5 $15) 30... Ne1 $1 31. Rc1 (31. Rb2+ Kc5 32. Bh2 Bb5 $19) 31... Nxg2+
32. Kxe4 Re7+ 33. Kf3 Nxh4+ $1 34. Bxh4 Rf5+ 35. Kg2 Rxe2 {Morozevich has
woken up in a position with two missing pawns that is bordering on losing.} 36.
a4 (36. Rb1+ Kc5 37. Rg5 (37. Rg7 Rxa2 38. Rxa7 c3 39. Rg7 c2 40. Rc1 Bc4 $19)
37... Rxg5+ 38. Bxg5 c3 $19) 36... Rb2 (36... Kc5 37. Rg7 Ra2 38. Rxa7 Rxa4 $17
) (36... Re4 37. Bg3 $17) 37. Rb8+ (37. Rg7 Rd5 38. Bf6 Rb3 $19) (37. Bd8+ Kc5
38. Be7+ Kd5 39. Rd8+ Ke6 40. Bh4 Rb7 $17) 37... Bb7 38. Rxc4 c5+ {The
difference in piece coordination is becoming striking. The main hero of the
endgame will be a passed pawn on the c-file.} 39. Kh2 (39. Kf1 Rb4 40. Rxb4+
cxb4 41. Ke1 Rf7 42. Rh8 Bf3 $19) 39... Rb1 (39... Rb4 40. Bd8+ Kc6 41. Rc2
Rxa4 $19) 40. f4 (40. Rc3 Rh1+ 41. Kg3 Rg1+ 42. Kh3 Rf4 43. Rb3+ Rb4 $19) 40...
Rd5 (40... Rb2+ 41. Kg3 Rb4 42. Rxb4+ cxb4 43. Rh8 b3 $19) 41. Rd8 Rbd1 42.
Rxd5 Bxd5 43. Rc3 c4 44. Bf6 (44. Be7 Ka5 45. f5 Rd3 46. Rc1 c3 47. Bf6 Kb4 $19
) 44... Kc5 45. Kg3 Kb4 {The defender will not be saved even by the presence
of the bishops of opposite colours. White's a4-pawn is about to drop.} 46. Rc2
(46. Kf2 Be6 47. Re3 Bg4 $19) 46... a5 47. f5 Rf1 (47... Rf1 48. Rf2 Rxf2 49.
Kxf2 Kxa4 $19) 0-1

[Event "Balatonbereny GM"]
[Site "Balatonbereny"]
[Date "1995.??.??"]
[Round "4"]
[White "Landa, Konstantin"]
[Black "Kallai, Gabor"]
[Result "1/2-1/2"]
[WhiteElo "2515"]
[BlackElo "2490"]
[Annotator "Ftacnik,L"]
[PlyCount "68"]
[EventDate "1995.08.??"]
[EventType "tourn"]
[EventRounds "11"]
[EventCountry "HUN"]
[EventCategory "11"]
[SourceTitle "CBM 050"]
[Source "ChessBase"]
[SourceDate "1996.02.01"]
[SourceVersion "1"]
[SourceVersionDate "1996.02.01"]
[SourceQuality "1"]

1. c4 c6 2. d4 d5 3. Nf3 Nf6 4. Nc3 e6 5. Bg5 h6 6. Bxf6 Qxf6 7. e3 Nd7 8. Bd3
Qd8 9. O-O Be7 10. Qe2 O-O 11. a3 {White freely admitts, that there is no way
to get an advantage and he only choses one of many ideas.} (11. Rad1 a6 (11...
dxc4 12. Bxc4 b5 13. Bd3 Bb7 (13... b4 14. Ne4 Qa5 15. b3 c5 16. Ne5 Nxe5 17.
dxe5 c4 18. Bxc4 Qxe5 19. Nd2 Bb7 20. Nf3 Qc7 21. Ba6 Rfd8 22. Bxb7 Qxb7 23.
Ne5 {Molvig,H-Hartung Nielsen,J/Copenhagen Obro (04) ;EXT 89op 1989/1/2-1/2 
(35)}) 14. e4 b4 15. Na4 Re8 16. b3 Rc8 17. Ba6 Qc7 18. Rc1 Qb8 19. Rfd1 Bf8
20. Bd3 a5 {Ricardi,P-Valerga,D/San Martin (02) ;CBM 48 1995/1-0 (66)}) 12. e4
dxc4 13. Bxc4 b5 14. Bd3 c5 15. d5 e5 16. d6 Bf6 17. h3 c4 18. Bc2 Nb6 19. Nh2
Re8 20. Qe3 Bb7 21. Ng4 {Zakharevich,I-Vologyin,V/Moscow op Russian Winter ;TD
91\03 1991/1-0 (39)}) (11. Rfd1 f5 (11... dxc4 12. Bxc4 b5 13. Bd3 b4 14. Ne4
Qb6 15. Rac1 Bb7 16. Ned2 c5 17. Nc4 Qc7 18. Nfe5 cxd4 19. exd4 Rac8 20. Ng6
Rfe8 21. Nxe7+ Rxe7 22. Qd2 Nf6 23. Qxb4 {1-0 Zueger,B-Schroeder,W/Berlin op 
(07) ;TD 88\08 1988 (30)}) 12. Qc2 (12. Rac1 Bd6 13. Qc2 Qf6 14. Ne2 g5 15. Qc3
Rf7 $6 (15... e5 $5 16. dxe5 Nxe5 17. Nxe5 Bxe5 18. Qb3 dxc4 19. Bxc4+ Kh8 $13)
16. b4 a6 17. a4 g4 $6 (17... e5 $1 18. dxe5 Nxe5 19. Nxe5 Bxe5 20. Qb3 Be6 21.
cxd5 Bxd5 22. Bc4 Bxc4 23. Qxc4 $14) 18. Ne1 h5 19. b5 $16 {1-0 Nemet,
I-Campora,D/Biel ;MCL 04 1983 (39)}) (12. Rab1 a6 13. b4 Bd6 14. a4 Nf6 15.
Rdc1 Ne4 16. Qc2 Bd7 17. b5 axb5 18. axb5 Qe7 19. c5 Bb8 20. bxc6 Bxc6 21. Ne2
Qf6 22. Bb5 f4 23. Nxf4 Bxf4 24. exf4 Qxf4 25. Rf1 {Torre,E-Ribli,Z (05)/
Alicante cqf ;CAND 1983/0-1 (35)}) 12... a6 13. a4 Bd6 14. Rab1 Qe7 15. Ne2 g5
16. Ng3 g4 17. Nd2 Nf6 18. Ne2 Ne4 19. Nf4 Qg7 20. Nb3 Ng5 {Goldin,A-Vukic,M/
Philadelphia World op (06) ;EXT 95op 1995/1-0 (52)}) (11. Rac1 a6 12. Bb1 (12.
Rfd1 f5 13. Qc2 Bd6 14. Qb1 Qe7 $10 {Cvitan,O-Nikolic,P/JUG ch/1982/}) 12... b5
13. cxd5 cxd5 14. e4 Bb7 15. exd5 exd5 16. Qd3 g6 17. Ne5 Nxe5 18. dxe5 Rc8 19.
Rcd1 Rc5 20. Qe3 Kg7 {Vakhidov,T-Paranjan,A/UZB-ch (05) ;TD 93\10 1993/1-0 (48)
}) (11. e4 dxc4 12. Bxc4 b5 13. Bd3 b4 14. Na4 Qa5 15. b3 Nb6 (15... c5 16. d5
(16. Rac1 Bb7 17. Bb5 Nf6 18. dxc5 Bxe4 19. Ne5 Rfc8 20. Nd7 Bc6 21. Bxc6 Rxc6
22. Nxf6+ Bxf6 23. Rc4 Qb5 24. Rd1 Qb7 25. Rd3 a5 {Lesiege,A-Shevelev,S/Hyeres
op ;TD 92\11 1992/0-1 (36)}) 16... exd5 17. exd5 Bd6 18. Rfd1 Bb7 19. Bb5 Rad8
20. Rac1 Rfe8 {Simic,R-Todorovic,GM/JUG-chT2 (03) ;EXT 93ch 1993/1/2-1/2 (32)})
16. Ne5 Bb7 17. Nxb6 axb6 18. Rfc1 c5 19. Nc4 Qa7 20. dxc5 Bxc5 21. Rc2 Rad8
22. Rd1 Rd4 23. Rcd2 Rfd8 24. Ne5 Qb8 25. Nf3 {Rodriguez,O-Illescas Cordoba,M/
ESP-ch Lleida (06) ;EXT 91ch 1991/0-1 (40)}) 11... dxc4 (11... a5 12. Rad1 Qc7
13. e4 dxc4 14. Bxc4 b5 15. Bd3 b4 16. Nb1 Bb7 17. axb4 Bxb4 18. Nc3 a4 19. Qc2
Qa5 20. Ra1 Bxc3 21. Qxc3 Qxc3 22. bxc3 c5 23. Bb5 Nf6 24. e5 Nd5 {1/2-1/2
Seirawan,Y-Torre,E/Brussels SWIFT/1986/ (29)}) 12. Bxc4 b5 13. Bd3 (13. Ba2 $5)
13... a6 14. b4 {Ambition is not only to fix c6P for ever, but also to limit
the scope of the Bc8.} (14. e4 c5 $10) 14... a5 15. Qb2 Bb7 16. Rfd1 Nf6 17. e4
(17. Ne4 Nxe4 18. Bxe4 axb4 19. axb4 Rxa1 20. Rxa1 Qd6 21. Ra7 $14) 17... axb4
18. axb4 Rxa1 19. Rxa1 e5 $1 {This is a true spinner into the white's works,
his dream about the strong center wanishes in the smoke.} 20. dxe5 (20. Nxe5 $2
Qxd4 21. Nd1 Qxb2 22. Nxb2 Bxb4 $19) 20... Qxd3 21. Rd1 (21. exf6 Bxf6 22. e5
Be7 {xb4}) 21... Qc4 22. exf6 Bxf6 23. e5 Be7 24. Rd4 Qe6 25. Ne4 c5 (25... Ra8
26. h3 Ra2 27. Qc3 $13) 26. bxc5 (26. Nxc5 Bxc5 27. bxc5 Bxf3 28. gxf3 Qxe5 $15
) 26... Bxe4 27. Rxe4 Qd5 28. Re3 (28. Rd4 Qxc5 29. Rd1 b4 $15) 28... Qxc5 29.
h4 b4 30. Qb3 Qc1+ 31. Kh2 (31. Re1 Qc3 32. Re3 Qxb3 33. Rxb3 Rc8 $15) 31...
Bc5 32. Re4 Qc3 33. Qxc3 bxc3 34. Rc4 Bxf2 1/2-1/2

[Event "Chalkidiki"]
[Site "Chalkidiki"]
[Date "1992.??.??"]
[Round "4"]
[White "Lautier, Joel"]
[Black "Illescas Cordoba, Miguel"]
[Result "1/2-1/2"]
[WhiteElo "2560"]
[BlackElo "2560"]
[Annotator "Ftacnik,L"]
[PlyCount "62"]
[EventDate "1992.09.??"]
[EventType "tourn"]
[EventRounds "11"]
[EventCountry "GRE"]
[EventCategory "14"]
[SourceTitle "CBM 032"]
[Source "ChessBase"]
[SourceDate "1993.02.01"]
[SourceVersion "1"]
[SourceVersionDate "1993.02.01"]
[SourceQuality "1"]

1. d4 {Lautier} d5 2. c4 e6 3. Nc3 c6 4. Nf3 Nf6 5. Bg5 h6 6. Bxf6 Qxf6 7. Qc2
dxc4 8. e3 b5 9. a4 Bb7 10. axb5 cxb5 11. Nxb5 Bb4+ 12. Nc3 O-O 13. Be2 Nd7 14.
O-O e5 15. dxe5 Nxe5 16. Nxe5 Qxe5 17. Bxc4 Rac8 18. Qb3 {N} (18. Be2 Bxc3 19.
bxc3 Rxc3 20. Qb2 Rxe3 21. Qxb7 Rxe2 22. Qxa7 {0,5-0,5/Guseinov,A-Sveshnikov,E/
Volgodonsk/1983/}) 18... Bxg2 $1 (18... Bxc3 19. Qxb7 Rxc4 (19... Bxb2 $2 20.
Bxf7+ $1 $16) 20. bxc3 Rc7 21. Qb4 $14) 19. Bxf7+ (19. Kxg2 Bxc3 20. bxc3 Qe4+
21. f3 Qxc4 $10) (19. Qxb4 Qg5 20. f4 (20. h4 Qg6 21. Kh2 Rb8 22. Qc5 Qg4 $1)
20... Qg4 21. Be2 Bf3+ 22. Kf2 Qg2+ 23. Ke1 Bxe2 24. Nxe2 Rc2 25. Qb5 (25. Nd4
Rxb2 26. Qc3 Rd8 {/\ Rxd4}) 25... Rd8 26. Rd1 Qxf1+ $1 27. Kxf1 Rxd1+ 28. Kf2
Rdd2 $10) 19... Rxf7 20. Rxa7 (20. Kxg2 Bxc3 21. Rxa7 $2 Qe4+ 22. f3 Qg6+ $19)
20... Bxf1 (20... Bd5 $5 21. Nxd5 Qg5+ (21... Rxa7 $2 22. Ne7+ Kh7 23. Qd3+ $18
) 22. Kh1 Rxa7 23. Rg1 (23. Ne7+ {Lautier} Kh8 24. Nxc8 Qg4 $1 25. f3 Qh3 26.
Kg1 (26. Qc4 $2 Rc7 $1) 26... Rb7 $44) 23... Qd8 24. Ne7+ Kh7 25. Nxc8 (25. Qf7
Qf8 $1 $8) 25... Qxc8 26. Qxb4 Qc6+ 27. e4 Ra4 28. Qe7 Qxe4+ 29. Qxe4+ Rxe4 30.
Rb1 $16) 21. Qxf7+ Kh7 22. Kxf1 Bxc3 23. Qd7 (23. bxc3 Rxc3 24. Qe7 (24. Kg2
Rc6 {/\ Rg6+}) 24... Qb5+ 25. Kg2 Qc6+ $10) 23... Bd4 $1 (23... Rc5 $2 24. Qd3+
(24. Qd3+ $1 {Lautier} Kg8 25. bxc3 $16)) 24. Qxd4 Rc1+ 25. Kg2 Qg5+ 26. Kf3
Qf5+ 27. Qf4 (27. Ke2 $4 {Lautier} Qh5+ 28. f3 Qxh2+ $19) 27... Qh3+ 28. Qg3
Qf5+ 29. Kg2 Qd5+ 30. Kh3 Qh5+ 31. Kg2 Qd5+ {Ftacnik,L} 1/2-1/2

[Event "Women-Veterans"]
[Site "Prague"]
[Date "1995.??.??"]
[Round "2"]
[White "Cramling, Pia"]
[Black "Kortschnoj, Viktor Lvovich"]
[Result "1-0"]
[WhiteElo "2510"]
[BlackElo "2635"]
[Annotator "Ftacnik,L"]
[PlyCount "83"]
[EventDate "1995.07.??"]
[EventType "schev"]
[EventRounds "5"]
[EventCountry "CZE"]
[SourceTitle "CBM 048"]
[Source "ChessBase"]
[SourceDate "1995.10.01"]
[SourceVersion "1"]
[SourceVersionDate "1995.10.01"]
[SourceQuality "1"]

1. d4 Nf6 2. c4 e6 3. Nf3 d5 4. Nc3 c6 5. Bg5 h6 6. Bxf6 Qxf6 7. e3 Nd7 8. Bd3
g6 9. cxd5 exd5 (9... cxd5 $2 10. Nb5 $1 $16) 10. O-O (10. h4 Bg7 11. h5 g5 12.
Qc2 Qe7 (12... Nb6 $5 13. O-O-O Bg4 14. Rdg1 O-O-O 15. Ne5 Be6 $10) 13. O-O-O
Nf6 14. Kb1 Be6 15. Ne5 Ng4 (15... O-O-O 16. f4 $14) 16. Nxg4 Bxg4 17. Rc1 O-O
(17... O-O-O 18. Na4 $36) 18. Ne2 Bxe2 19. Qxe2 Rad8 20. g4 Rd6 21. Bc2 Rb8 22.
Qd3 b6 $1 $10 {Nikolic,P-Novikov,I/Bosna-Garant Donbass/1993/}) 10... Bg7 11.
b4 {[%cal Yb4b5] Once again exercises the logical contradiction, when minority
willingly attacks majority on the Qside.} Qd6 (11... O-O $2 12. b5 $16) (11...
a6) 12. Qb3 (12. b5 $6 c5 $1) 12... Nb6 (12... O-O 13. b5 Rd8 14. Rfc1 Nb8 15.
h3 Bf8 16. Rab1 Be6 17. Qc2 Rc8 18. Qe2 c5 19. dxc5 Rxc5 20. Nd4 Nd7 21. Na4
Rxc1+ 22. Rxc1 Bg7 23. Qd2 Qa3 24. Nxe6 fxe6 25. Qc2 g5 $15 {Cramling,P-Braga,
F/Manila olm (08.12.3)/1992/0-1 (34)}) 13. a4 Be6 14. Nd2 (14. a5 Nc4 $1) 14...
Nd7 (14... O-O 15. Rfc1 Nd7 16. Rab1 $6 {Serper,G-Sorokin,M/Herson/1991/} (16.
Ne2 $1) 16... a5 $1 17. bxa5 Rxa5 18. Qc2 b6 $13) 15. Ne2 O-O 16. Rfc1 Rfe8 (
16... b6 17. Nf4 a5 18. Qc3 Rfc8 19. bxa5 Rxa5 20. Nb3 Ra7 21. a5 c5 22. axb6
Qxb6 23. Rxa7 Qxa7 24. Bxg6 c4 25. Nd2 {Cramling,P-Spassky,B/Prague
Women-Veterans(04)/1995/0.5 (31)}) 17. Rab1 Rac8 18. a5 {[%csl Gc5,Rc6] Black
is left eith a choice, either he will leave c5 square as white s stronghold,
or he can suffer because of the vulnerability of the c6P.} (18. Nf4 Bg4 19. h3
g5 $132) 18... Bg4 19. Nc3 Be6 20. Qc2 f5 21. Nb3 b6 $1 (21... a6 22. Nc5 $14)
(21... Qxb4 22. Nc5 Qxa5 23. Nxe6 Rxe6 24. Rxb7 $40) 22. Ba6 Rb8 23. Bd3 Nf6
24. axb6 axb6 25. Ne2 Bd7 (25... Qxb4 $2 26. Nc5 Qa5 27. Ra1 Qb4 28. Rcb1 $16)
26. Nf4 g5 27. Ne2 Ng4 (27... Ne4 28. f3 Nf6 29. Qd2 Qe7 30. Ng3 $14) 28. Ng3
Rf8 29. Nf1 f4 {[%cal Yf7f2,Ye5h2,Rb4b5] Black needs a counterweight to his
structural problems on the Qside. The push b4-b5 is only a question of time.}
30. e4 f3 31. e5 Qxb4 32. g3 (32. Nc5 Qxd4 33. Nxd7 fxg2 34. Nxf8 (34. Kxg2 $2
Rxf2+) 34... gxf1=Q+ 35. Rxf1 (35. Bxf1 Rxf8 $19) 35... Qxe5 36. Bh7+ Kxf8 37.
Qf5+ Qxf5 38. Bxf5 Ne5 $17) 32... Qe7 33. h3 Nxe5 34. dxe5 c5 $6 (34... Bxe5 $1
) 35. Ne3 Be6 (35... Qxe5 36. Nxd5 $1) 36. Nf5 {White has to be active,
otherwise black pawn mass will become very dangerous.} Qd7 (36... Bxf5 37. Bxf5
Qxe5 38. Bg4 $14) 37. Nxg7 Kxg7 38. Nxc5 (38. Nd2 Bxh3 39. Re1 Qe6 $1 40. Bf1
Bxf1 41. Nxf1 Qh3 42. Ne3 d4 $17) 38... bxc5 39. Qxc5 Bxh3 $2 (39... Rxb1 40.
Rxb1 Rc8 41. Qd4 Qf7 $13) 40. Rb6 $1 {[%cal Rb6g6] Defender will be losing
along the 6th rank.} Rbc8 (40... Rxb6 41. Qxb6 Kg8 42. Qxh6 $18) 41. Rg6+ Kh7
$2 (41... Kf7 42. Qe3 Rxc1+ 43. Qxc1 $16) 42. Rd6+ (42. Rd6+ Kg8 (42... Kh8 43.
Rxd7 Rxc5 44. Rh7+ Kg8 45. Rxc5 $18) 43. Qxd5+) 1-0